000 00543nam a2200181Ia 4500
005 20250508151255.0
008 008 250505s9999 xx 000 0 eng d
037 _aTextual
040 _aFEDL
_beng
_cFEDL
041 _aeng
_2eng
084 _a378.7471, MID
_qFEDL
100 _aMiddlebrook Samuel M Ed.
_9758749
245 0 _aCentennial addresses: The city college of New York
260 _aNew York, USA
_bThe City College Press
_c1950
300 _a232p.
942 _cTEXL
_h378.7471, MID
999 _c1328782
_d1328782